000 00967nam0a22002531 4500
001 rc\536728
005 20250621123137.0
035 _a(NLR Aleph) 005774196
090 _a5062030
_c5062030
100 _a20030616d1987 |||y0rusy50 ca
101 0 _arus
102 _aRU
105 _aa |||||||||
200 1 _aТАКСОНОМИЧЕСКИЙ анализ ЭВТ и сферы ее использования
_fВаравина Н.Г., Картавов С.С., Лебедь В.В., Маштабей В.Я.
_g[Отв. ред. к. т. н. А.П. Семик]
210 _aКиев
_cИСЭПЭС
_d1987
215 _a49 с.
_cсхем.
_d20
225 1 _aПрепринт
_fАН УССР, Ин-т социал. и экон. пробл. зарубеж. стран
_v87
320 _aБиблиогр.: с. 46-47
333 _aДСП. Экз. № 000009
801 0 _aRU
_bNLR
_gpsbo
801 1 _aRU
_bELAR
_2rusmarc
852 _aNLR
_j88-50К/3368
942 _cBOOK
980 _aNB